Modeling of sound propagation in the sea /

Bibliographic Details
Main Author: Barkhatov, A. N. (Aleksandr Nikolaevich)
Format: Book
Language:English
Russian
Published: New York : Consultants Bureau, 1971.
Subjects:

MARC

Tag First Indicator Second Indicator Subfields
LEADER 00000cam a2200000 4500
001 in00000315293
005 20151011051335.0
008 710507s1971 nyua b 00010 engx
010 |a  74136985  
020 |a 0306108550 
035 |a (OCoLC)00139672 
035 |9 ABK8122AM 
040 |a DLC  |c DLC  |d TXA  |d UtOrBLW 
041 1 |a eng  |a rus 
049 |a TXAM  |c [1322047] 
050 0 0 |a QC225.15  |b .B3713 
082 0 |a 534/.23 
100 1 |a Barkhatov, A. N.  |q (Aleksandr Nikolaevich) 
245 1 0 |a Modeling of sound propagation in the sea /  |c [by] A. N. Barkhatov. Translated from Russian by James S. Wood. 
264 1 |a New York :  |b Consultants Bureau,  |c 1971. 
300 |a vii, 91 pages :  |b illustrations ;  |c 28 cm. 
336 |a text  |b txt  |2 rdacontent 
337 |a unmediated  |b n  |2 rdamedia 
338 |a volume  |b nc  |2 rdacarrier 
500 |a Translation of Modelirovanie rasprostraneniia zvuka v more (romanized form) 
504 |a Bibliography: pages 87-91. 
650 0 |a Underwater acoustics. 
650 0 |a Sound  |x Measurement. 
999 |a MARS 
999 f f |s 5d7c659e-8db7-3c8d-98f5-07abb2ac4e79  |i 9955204c-469e-3b80-90a7-26f98e622f39  |t 0 
952 f f |p ric  |a Texas A&M University  |b Rellis Campus  |c Joint Library Facility  |d Remote Storage  |t 0  |e QC225.15 .B3713  |h Library of Congress classification  |i unmediated -- volume  |m A14804617327 
998 f f |a QC225.15 .B3713  |t 0  |l Remote Storage